| 000 | 01195nam a22002657a 4500 | ||
|---|---|---|---|
| 005 | 20250328155352.0 | ||
| 008 | 240905b ||||| |||| 00| 0 eng d | ||
| 082 | _aDPer 621.317 Ie21 December 2022 v.37 n. 12 part 1&2. | ||
| 100 |
_aLiu, Zixuan. _eauthor. _960212 |
||
| 245 |
_aA modified deadbeat predictive current control for improving dynamic performance of pmsm / _cZixuan Liu, Xiaoyan Huang, Qicghao Hu, Zhaokai Li, Ze Jiang, Yelong Yu, and Zhuo Chen. |
||
| 260 |
_aNew York ; _bThe Institute of Electrical and Electronics Engineers, Inc., _cDecember 2022. |
||
| 300 |
_avolume 37, pages 14173-14185, _billustration. |
||
| 500 | _aIEEE Transactions on Power Electronics, v. 37 n. 12, pages 14173-14185, December 2022. | ||
| 650 | 0 |
_adynamic performance. _966011 |
|
| 650 | 0 |
_aprediction horizon. _966012 |
|
| 650 | 0 |
_atransient-state operation. _966013 |
|
| 700 |
_aLiu, Zixuan. _eauthor. _960212 |
||
| 700 |
_aHuang, Xiaoyan. _eauthor. _960213 |
||
| 700 |
_aHu, Qicghao. _eauthor. _960214 |
||
| 700 |
_aLi, Zhaokai. _eauthor. _960215 |
||
| 700 |
_aJiang, Ze. _eauthor. _960216 |
||
| 700 |
_aYu, Yelong. _eauthor. _960217 |
||
| 700 |
_aChen, Zhuo. _eauthor. _960218 |
||
| 942 |
_2ddc _cPER |
||
| 999 |
_c21338 _d21338 |
||